[Event "M.Chigorin Memorial 2017 "]
[Site "?????-?????????"]
[Date "2017.10.28"]
[Round "8"]
[Board "46"]
[White "Tugarin, Anton"]
[Black "Chekletsov, Ilya"]
[Result "0-1"]
[WhiteElo "2251"]
[BlackElo "2372"]
[PlyCount "114"]
[EventDate "2017.10.21"]
[EventRounds "9"]
[EventCountry "RUS"]

1. Nf3 Nf6 2. c4 e6 3. g3 a6 4. Bg2 b5 5. b3 Bb7 6. O-O c5 7. Nc3 Qb6 8. d3 Be7
9. e4 d6 10. Nh4 Nfd7 11. f4 Nc6 12. Bb2 Bf6 13. Rc1 O-O-O 14. Nf3 Kb8 15. Ba1
Rhe8 16. Kh1 Nd4 17. Nxd4 Bxd4 18. Qc2 h6 19. Nd1 Bxa1 20. Rxa1 d5 21. Ne3 d4
22. Nd1 f5 23. e5 g5 24. Bxb7 Qxb7+ 25. Qg2 Rg8 26. Qxb7+ Kxb7 27. Nf2 Rg7 28.
fxg5 hxg5 29. g4 Nxe5 30. Rae1 Ng6 31. Rxe6 Nf4 32. Rh6 fxg4 33. Re1 Rc7 34.
Re5 bxc4 35. bxc4 Ka7 36. Rxg5 Rb8 37. Rxg4 Rf7 38. h4 Rb1+ 39. Rg1 Rb2 40. Ne4
Nxd3 41. Rg2 Rxg2 42. Kxg2 Rf4 43. Ng5 Rg4+ 44. Kf1 Nb2 45. Ne6 d3 46. Rh7+ Kb6
47. Rd7 Rxc4 48. Nd8 Rc1+ 49. Kf2 Rc2+ 50. Ke3 Re2+ 51. Kf3 c4 52. h5 Rh2 53.
h6 c3 54. h7 d2 55. Rb7+ Kc5 56. Ne6+ Kd6 57. Kg3 Rxh7  0-1

[Event "M.Chigorin Memorial 2017 "]
[Site "?????-?????????"]
[Date "2017.10.28"]
[Round "8"]
[Board "47"]
[White "Karpenko, Artem"]
[Black "Poznyak, Nazar"]
[Result "1-0"]
[WhiteElo "2362"]
[BlackElo "2014"]
[PlyCount "55"]
[EventDate "2017.10.21"]
[EventRounds "9"]
[EventCountry "RUS"]

1. d4 Nf6 2. c4 c5 3. d5 b5 4. cxb5 a6 5. e3 axb5 6. Bxb5 Qa5+ 7. Nc3 Bb7 8.
Bd2 Qb6 9. Nf3 Nxd5 10. Nxd5 Bxd5 11. a4 e6 12. Bc3 Be7 13. O-O O-O 14. Nd2 f5
15. f3 Qb7 16. e4 fxe4 17. fxe4 Rxf1+ 18. Qxf1 Bc6 19. Rd1 d6 20. Qf3 Bxb5 21.
Qg4 e5 22. Qe6+ Kf8 23. axb5 Qd7 24. Rf1+ Bf6 25. Qd5 Ra7 26. Nc4 Rb7 27. Nxd6
Rb6 28. Bxe5  1-0

[Event "M.Chigorin Memorial 2017 "]
[Site "?????-?????????"]
[Date "2017.10.28"]
[Round "8"]
[Board "48"]
[White "Anchutin, Nikita"]
[Black "Tsoi, Dmitry"]
[Result "1/2-1/2"]
[WhiteElo "2219"]
[BlackElo "2361"]
[PlyCount "159"]
[EventDate "2017.10.21"]
[EventRounds "9"]
[EventCountry "RUS"]

1. d4 d6 2. Nf3 Nf6 3. c4 Nbd7 4. Nc3 e5 5. e4 Be7 6. Be2 O-O 7. O-O c6 8. h3
Re8 9. Be3 Qc7 10. Qc2 Bf8 11. d5 a5 12. a3 Nb6 13. Nd2 g6 14. dxc6 bxc6 15. b4
Be6 16. c5 Nbd7 17. cxd6 Bxd6 18. bxa5 Rxa5 19. Nc4 Bxc4 20. Bxc4 Nb6 21. Bb3
Nfd7 22. Nb1 Nc5 23. Nd2 Rea8 24. Rfc1 Qe7 25. Rcb1 Qc7 26. Rc1 Kg7 27. Qc3 Qe7
28. Qc2 h5 29. Rcb1 Qc7 30. Rc1 Qc8 31. Rcb1 Qa6 32. Bc4 Qa7 33. Nb3 Ra4 34.
Bxf7 Qxf7 35. Nxc5 Rc4 36. Qd3 Bxc5 37. Bxc5 Qd7 38. Qxd7+ Nxd7 39. Be3 Kf7 40.
Rc1 Rxc1+ 41. Rxc1 Ra6 42. Rc3 Ke6 43. f3 Kd6 44. Kf2 c5 45. Ke2 Ra4 46. Kd3
Kc6 47. g4 Ra8 48. Ke2 Rb8 49. Kf2 h4 50. Bg5 Rb2+ 51. Ke3 Rh2 52. Bxh4 Rxh3
53. Bd8 Nf8 54. Rxc5+ Kxc5 55. Be7+ Kc6 56. Bxf8 Rh2 57. Bb4 Rb2 58. Kd3 Rb3+
59. Ke2 Kd7 60. Kf2 Ke6 61. Kg3 Kf6 62. Bd6 Rb1 63. Bc5 Ra1 64. Bb4 Rc1 65. Bd6
Rg1+ 66. Kf2 Rd1 67. Bc7 Ra1 68. Bd6 Ke6 69. Bf8 Rb1 70. Kg3 Rb8 71. Bc5 Kd7
72. Bb4 Rc8 73. f4 Ke6 74. f5+ Kf6 75. g5+ Kf7 76. Bd6 Rc3+ 77. Kf2 Rd3 78.
Bxe5 Rxa3 79. fxg6+ Kxg6 80. Bf6  1/2-1/2

[Event "M.Chigorin Memorial 2017 "]
[Site "?????-?????????"]
[Date "2017.10.28"]
[Round "8"]
[Board "49"]
[White "Petrova, Irina"]
[Black "Golubov, Saveliy"]
[Result "0-1"]
[WhiteElo "2174"]
[BlackElo "2501"]
[PlyCount "54"]
[EventDate "2017.10.21"]
[EventRounds "9"]
[EventCountry "RUS"]

1. e4 c5 2. Nf3 e6 3. c4 Nc6 4. Nc3 g5 5. h3 Bg7 6. d3 h6 7. Be3 Nd4 8. e5
Nxf3+ 9. Qxf3 Qb6 10. Ne4 Bxe5 11. Bxc5 Qxb2 12. Rd1 d5 13. Nd6+ Bxd6 14. Bxd6
Qc3+ 15. Rd2 Ne7 16. Bxe7 Kxe7 17. Qe3 dxc4 18. Qc5+ Kf6 19. h4 g4 20. d4 Bd7
21. Qd6 Bc6 22. Qf4+ Ke7 23. Qxg4 Qa1+ 24. Rd1 Qxa2 25. Rh3 Qa5+ 26. Rd2 c3 27.
Rc2 Qa1+  0-1

[Event "M.Chigorin Memorial 2017 "]
[Site "?????-?????????"]
[Date "2017.10.28"]
[Round "8"]
[Board "50"]
[White "Zimin, Alexey"]
[Black "Soffer, Ram"]
[Result "0-1"]
[WhiteElo "2227"]
[BlackElo "2500"]
[PlyCount "114"]
[EventDate "2017.10.21"]
[EventRounds "9"]
[EventCountry "RUS"]

1. e4 c6 2. d4 d5 3. f3 Qb6 4. Nc3 dxe4 5. fxe4 e5 6. dxe5 Bc5 7. Na4 Qa5+ 8.
c3 Bxg1 9. Rxg1 Qxe5 10. Qd4 Nd7 11. Qxe5+ Nxe5 12. Bf4 f6 13. Nc5 Ne7 14. Bxe5
fxe5 15. O-O-O b6 16. Na6 Bxa6 17. Bxa6 Rf8 18. Bc4 Rf6 19. Rgf1 Nc8 20. Rxf6
gxf6 21. Be6 Ke7 22. Bd7 Nd6 23. Bxc6 Rg8 24. g3 h5 25. Rd2 a5 26. Bd5 Rg4 27.
Re2 h4 28. gxh4 Rxh4 29. Bc6 Kd8 30. a3 Kc7 31. Bd5 Rf4 32. Kc2 Rh4 33. Kd2 b5
34. Ke3 Rh3+ 35. Kd2 a4 36. Rf2 Rh6 37. Ke2 Kb6 38. Kf3 Kc5 39. Be6 Rh4 40. Bf5
Kc4 41. Ke3 Nxf5+ 42. exf5 Rh3+ 43. Ke4 Rh4+ 44. Ke3 Rh5 45. Ke4 Rh4+ 46. Ke3
Rh5 47. Ke4 Rh3 48. Re2 Rh4+ 49. Ke3 Rf4 50. Rf2 Rxf2 51. Kxf2 Kd3 52. Ke1 Ke4
53. Kd2 Kxf5 54. b3 axb3 55. c4 bxc4 56. a4 e4 57. a5 e3+  0-1

[Event "M.Chigorin Memorial 2017 "]
[Site "?????-?????????"]
[Date "2017.10.28"]
[Round "8"]
[Board "51"]
[White "Bodnaruk, Anastasia"]
[Black "Pogorelskikh, Sergey"]
[Result "1-0"]
[WhiteElo "2432"]
[BlackElo "2225"]
[PlyCount "49"]
[EventDate "2017.10.21"]
[EventRounds "9"]
[EventCountry "RUS"]

1. e4 c5 2. Nf3 d6 3. d4 cxd4 4. Nxd4 Nf6 5. Nc3 a6 6. h3 e5 7. Nde2 b5 8. Ng3
Be6 9. Bg5 Nbd7 10. Nh5 Rc8 11. a4 Rxc3 12. bxc3 bxa4 13. Rxa4 Qc7 14. Rxa6 Qb7
15. Bxf6 gxf6 16. Bd3 Rg8 17. Qa1 Ke7 18. O-O Bh6 19. Rb1 Qc7 20. Ra7 Qc8 21.
Rbb7 Bxh3 22. Bb5 Rxg2+ 23. Kh1 Rxf2 24. Bxd7 Bg2+ 25. Kg1  1-0

[Event "M.Chigorin Memorial 2017 "]
[Site "?????-?????????"]
[Date "2017.10.28"]
[Round "8"]
[Board "52"]
[White "Tsvetkov, Andrey"]
[Black "Erenberg, Ariel"]
[Result "0-1"]
[WhiteElo "2218"]
[BlackElo "2401"]
[PlyCount "48"]
[EventDate "2017.10.21"]
[EventRounds "9"]
[EventCountry "RUS"]

1. d4 Nf6 2. c4 e6 3. Nc3 Bb4 4. e3 O-O 5. Bd3 c5 6. Nge2 b6 7. O-O Bb7 8. d5
d6 9. e4 Nbd7 10. f4 a6 11. a3 Bxc3 12. Nxc3 exd5 13. exd5 b5 14. b3 Re8 15.
Qf3 bxc4 16. bxc4 Nf8 17. Ne4 Nxe4 18. Bxe4 Qf6 19. Rb1 Qd4+ 20. Kh1 Rxe4 21.
Rxb7 Qxc4 22. h3 Rae8 23. Bb2 Re3 24. Qd1 Re2  0-1

[Event "M.Chigorin Memorial 2017 "]
[Site "?????-?????????"]
[Date "2017.10.28"]
[Round "8"]
[Board "53"]
[White "Hakobyan, Hovhannes H."]
[Black "Saveliev, Alexei"]
[Result "1-0"]
[WhiteElo "2212"]
[BlackElo "2387"]
[PlyCount "109"]
[EventDate "2017.10.21"]
[EventRounds "9"]
[EventCountry "RUS"]

1. e4 d6 2. d4 Nf6 3. Nc3 e5 4. Nf3 Nbd7 5. g4 g6 6. g5 Nh5 7. Be3 Bg7 8. dxe5
dxe5 9. Qd2 c6 10. O-O-O Qe7 11. Bh3 O-O 12. Qd6 Qxd6 13. Rxd6 Nb6 14. Bxc8
Rfxc8 15. Bxb6 axb6 16. Rd7 b5 17. Rxb7 Nf4 18. Rd1 Ne6 19. a3 Nc5 20. Rb6 Ra7
21. Rd6 Rac7 22. b4 Ne6 23. Rd3 Ra7 24. Kb2 Kf8 25. Ne2 Ke7 26. Nc1 h6 27. h4
hxg5 28. hxg5 Rac7 29. Rc3 Nd4 30. Nb3 Kd6 31. Na5 Kd7 32. Nb7 Rh8 33. Nc5+ Ke7
34. Na6 Rd7 35. Nb8 Rd6 36. Nxc6+ Ke6 37. Ncxd4+ exd4 38. Rxd6+ Kxd6 39. Rd3
Re8 40. c3 Rxe4 41. Nxd4 Kd5 42. Nxb5+ Kc4 43. Rd4+ Bxd4 44. Nd6+ Kd3 45. Nxe4
Be5 46. f3 Ke3 47. a4 Kxf3 48. Nc5 f5 49. a5 Ke3 50. a6 Bb8 51. b5 Ba7 52. Nd7
f4 53. b6 Bxb6 54. Nxb6 f3 55. Kc2  1-0

[Event "M.Chigorin Memorial 2017 "]
[Site "?????-?????????"]
[Date "2017.10.28"]
[Round "8"]
[Board "54"]
[White "Litvinov, Maxim"]
[Black "Stukan, Martin"]
[Result "1-0"]
[WhiteElo "2373"]
[BlackElo "2215"]
[PlyCount "55"]
[EventDate "2017.10.21"]
[EventRounds "9"]
[EventCountry "RUS"]

1. Nf3 Nf6 2. g3 c5 3. Bg2 Nc6 4. c4 d5 5. cxd5 Nxd5 6. O-O e5 7. Nc3 Be6 8.
Ng5 Qxg5 9. Bxd5 Bxd5 10. Nxd5 O-O-O 11. e4 f5 12. d3 Qg6 13. Qa4 f4 14. Kh1
Qh5 15. Qd1 f3 16. Be3 Bd6 17. Rc1 Rhf8 18. b4 Bc7 19. b5 Rd6 20. g4 Qh3 21.
Rg1 Nd4 22. Rg3 Qh4 23. Rxc5 Rxd5 24. exd5 Ne2 25. d6 Nxg3+ 26. fxg3 Qh3 27.
Rxc7+ Kb8 28. Rc2  1-0

[Event "M.Chigorin Memorial 2017 "]
[Site "?????-?????????"]
[Date "2017.10.28"]
[Round "8"]
[Board "55"]
[White "Kotau, Arseni"]
[Black "Palachev, Petr"]
[Result "0-1"]
[WhiteElo "2187"]
[BlackElo "2372"]
[PlyCount "102"]
[EventDate "2017.10.21"]
[EventRounds "9"]
[EventCountry "RUS"]

1. c4 e6 2. Nc3 d5 3. cxd5 exd5 4. d4 c6 5. Bf4 Bd6 6. Bxd6 Qxd6 7. e3 Bf5 8.
Bd3 Ne7 9. Nf3 Nd7 10. O-O O-O 11. Qc2 g6 12. Bxf5 Nxf5 13. Rad1 Nf6 14. Na4
Rfe8 15. Nc5 Qe7 16. Qb3 Nd6 17. Ne5 Rac8 18. Ncd3 Kg7 19. Nf3 h5 20. Qa3 Nfe4
21. b3 h4 22. h3 g5 23. Qb2 f6 24. Nh2 Nf5 25. Ng4 Rf8 26. f4 Nfg3 27. Rf3 Rce8
28. Qc2 Qe6 29. fxg5 fxg5 30. Nde5 Rf5 31. b4 Ref8 32. a4 a6 33. Rc1 Nd6 34.
Qb2 Rxf3 35. Nxf3 Qf5 36. Nge5 Qe4 37. Qd2 Rf5 38. Re1 Nc4 39. Nxc4 dxc4 40.
Qb2 Qd3 41. e4 c3 42. Qa2 Nxe4 43. Qe6 Rxf3 44. Qe5+ Rf6 45. Rxe4 Qf1+ 46. Kh2
Qf5 47. Qxf5 Rxf5 48. Re2 Rd5 49. Rc2 Rxd4 50. b5 axb5 51. axb5 Rc4  0-1

[Event "M.Chigorin Memorial 2017 "]
[Site "?????-?????????"]
[Date "2017.10.28"]
[Round "8"]
[Board "56"]
[White "Yatzenko, Anton"]
[Black "Ibadov, Dashgyn"]
[Result "1-0"]
[WhiteElo "2365"]
[BlackElo "2213"]
[PlyCount "67"]
[EventDate "2017.10.21"]
[EventRounds "9"]
[EventCountry "RUS"]

1. d4 c5 2. d5 d6 3. e4 g6 4. Nc3 Bg7 5. Nf3 Nf6 6. Be2 O-O 7. h3 b5 8. e5 dxe5
9. Nxb5 e4 10. Nd2 e3 11. fxe3 Nxd5 12. Nc4 a6 13. Nbd6 Nc3 14. bxc3 exd6 15.
O-O d5 16. Bf3 Be6 17. Rb1 Ra7 18. Nb2 d4 19. Nd3 Bxa2 20. Ra1 Bc4 21. Ba3 dxe3
22. Bxc5 Rd7 23. Bxf8 Kxf8 24. Qc1 Kg8 25. Qa3 Bxd3 26. cxd3 Rxd3 27. Rad1 Qb6
28. Qb4 Qa7 29. Kh1 Nc6 30. Qe4 Rxc3 31. Qe8+ Bf8 32. Rd7 Qxd7 33. Qxd7 Ne5 34.
Qd4  1-0

[Event "M.Chigorin Memorial 2017 "]
[Site "?????-?????????"]
[Date "2017.10.28"]
[Round "8"]
[Board "57"]
[White "Derli, Olga"]
[Black "Bashirli, Nail"]
[Result "1/2-1/2"]
[WhiteElo "2162"]
[BlackElo "2363"]
[PlyCount "135"]
[EventDate "2017.10.21"]
[EventRounds "9"]
[EventCountry "RUS"]

1. e4 c5 2. Nf3 d6 3. Bb5+ Nd7 4. O-O Ngf6 5. Re1 g6 6. c3 Bg7 7. d4 O-O 8. h3
a6 9. Ba4 e5 10. Bc2 b5 11. Nbd2 Bb7 12. Nf1 cxd4 13. cxd4 exd4 14. Nxd4 Re8
15. Ng3 Nc5 16. f3 Rc8 17. Kh2 h5 18. Be3 h4 19. Nf1 d5 20. exd5 Nxd5 21. Bf2
Qc7+ 22. Kh1 Rxe1 23. Qxe1 Bxd4 24. Bxd4 Ne6 25. Bxg6 Nxd4 26. Bh7+ Kg7 27. Rd1
Ne6 28. Be4 Ne7 29. Bxb7 Qxb7 30. Qxh4 Ng6 31. Qg4 Rc4 32. Qf5 Rc5 33. Qd3 Qc7
34. Ne3 Rc1 35. Qd2 Rxd1+ 36. Nxd1 Ngf4 37. Ne3 Qe5 38. g4 Qc5 39. h4 Kh7 40.
Nf5 Qc4 41. Ne3 Qc6 42. Qc2+ Qxc2 43. Nxc2 Nd3 44. b4 Nef4 45. Kg1 Ng6 46. h5
Nh4 47. Nd4 Nxb4 48. a3 Nd3 49. Kh2 Kh6 50. Kg3 Kg5 51. Ne2 Nxf3 52. Kxf3 Ne5+
53. Ke4 Nc4 54. Kd4 Nxa3 55. Nc3 Nc2+ 56. Kc5 b4 57. Ne4+ Kh6 58. Kc4 a5 59.
Kb3 Ne3 60. Nf2 f6 61. Ka4 Kg7 62. Nd3 Nd1 63. Nc5 Ne3 64. Kxa5 Nd5 65. Ka4 Kh6
66. Ne4 f5 67. gxf5 Kxh5 68. Nf2  1/2-1/2

[Event "M.Chigorin Memorial 2017 "]
[Site "?????-?????????"]
[Date "2017.10.28"]
[Round "8"]
[Board "58"]
[White "Golikov, Daniil"]
[Black "Shubin, Kirill"]
[Result "1/2-1/2"]
[WhiteElo "2138"]
[BlackElo "2359"]
[PlyCount "57"]
[EventDate "2017.10.21"]
[EventRounds "9"]
[EventCountry "RUS"]

1. c4 Nf6 2. Nc3 d5 3. cxd5 Nxd5 4. g3 g6 5. Bg2 Nxc3 6. bxc3 c5 7. Qa4+ Nd7 8.
Rb1 Qc7 9. Nh3 Bg7 10. Nf4 e6 11. c4 O-O 12. O-O Nb6 13. Qa5 Bd7 14. Ba3 Rfc8
15. Rfc1 Bc6 16. Bh3 Nd7 17. Qxc7 Rxc7 18. Bb2 Bxb2 19. Rxb2 b6 20. Bg2 Ne5 21.
d3 Rd8 22. Bxc6 Nxc6 23. a4 g5 24. Ng2 f5 25. f3 Kf7 26. Kf2 Kg8 27. Kg1 Kf7
28. Kf2 Kg8 29. Kg1  1/2-1/2

[Event "M.Chigorin Memorial 2017 "]
[Site "?????-?????????"]
[Date "2017.10.28"]
[Round "8"]
[Board "59"]
[White "Ivanov, Platon-Jaan"]
[Black "Nesterov, Arseniy"]
[Result "0-1"]
[WhiteElo "2134"]
[BlackElo "2350"]
[PlyCount "54"]
[EventDate "2017.10.21"]
[EventRounds "9"]
[EventCountry "RUS"]

1. d4 Nf6 2. c4 e6 3. g3 d5 4. Nf3 Be7 5. Bg2 O-O 6. O-O dxc4 7. Ne5 Nc6 8.
Nxc6 bxc6 9. Na3 Bxa3 10. bxa3 Ba6 11. Qa4 Bb5 12. Qa5 Qxd4 13. Be3 Qd6 14.
Rfd1 Nd5 15. Bd2 c3 16. Bxc3 Bxe2 17. Rd2 Bh5 18. Bd4 Rfb8 19. Rc1 Rb5 20. Qa6
Rab8 21. Bxa7 Ra8 22. Rxc6 Rb1+ 23. Bf1 Qd7 24. Kg2 Rb6 25. Rxb6 cxb6 26. Rc2
g5 27. Bb5 Rxa7  0-1

[Event "M.Chigorin Memorial 2017 "]
[Site "?????-?????????"]
[Date "2017.10.28"]
[Round "8"]
[Board "60"]
[White "Ahmadzada, Ahmad"]
[Black "Kharmunova, Nadezhda"]
[Result "1-0"]
[WhiteElo "2345"]
[BlackElo "2199"]
[PlyCount "79"]
[EventDate "2017.10.21"]
[EventRounds "9"]
[EventCountry "RUS"]

1. e4 c5 2. Nf3 Nc6 3. Bb5 d6 4. c3 Nf6 5. Qe2 Bd7 6. O-O g6 7. d4 Bg7 8. d5
Nb8 9. Nbd2 O-O 10. Bxd7 Nbxd7 11. a4 Re8 12. Nc4 b6 13. Rd1 Qc7 14. Bf4 a6 15.
e5 dxe5 16. Bxe5 Nxe5 17. Ncxe5 Nd7 18. Nxf7 h6 19. d6 exd6 20. Qc4 Kh7 21. Qh4
Nf8 22. Nxd6 Re7 23. Re1 Ne6 24. Rxe6 Rxe6 25. Ng5+ Kg8 26. Nxe6 Qxd6 27. Qe4
Re8 28. Re1 Qd2 29. g3 Re7 30. Kg2 Qxb2 31. Qa8+ Kh7 32. Ng5+ hxg5 33. Rxe7
Qxc3 34. Qxa6 Qf6 35. Qe2 c4 36. Re6 Qd4 37. Re4 Qd5 38. Qxc4 Qa8 39. Kg1 Kh6
40. Rh4+  1-0

[Event "M.Chigorin Memorial 2017 "]
[Site "?????-?????????"]
[Date "2017.10.28"]
[Round "8"]
[Board "61"]
[White "Guliev, Gasan"]
[Black "Aliyev, Ravan"]
[Result "0-1"]
[WhiteElo "2123"]
[BlackElo "2341"]
[PlyCount "82"]
[EventDate "2017.10.21"]
[EventRounds "9"]
[EventCountry "RUS"]

1. d4 d5 2. c4 c6 3. Nf3 Nf6 4. Nc3 e6 5. cxd5 exd5 6. Bg5 Be7 7. e3 O-O 8. Bd3
h6 9. Bxf6 Bxf6 10. Qc2 Re8 11. Bh7+ Kh8 12. Bf5 Bxf5 13. Qxf5 Qe7 14. g4 g6
15. Qf4 Bg7 16. h4 Nd7 17. O-O-O Kg8 18. h5 g5 19. Qf5 Qe6 20. Nh2 Qxf5 21.
gxf5 Nf6 22. Nf1 Bf8 23. a3 a5 24. Nd2 b5 25. a4 Bb4 26. axb5 Bxc3 27. bxc3
cxb5 28. Kc2 Rec8 29. Kd3 b4 30. cxb4 axb4 31. Ra1 Rc3+ 32. Ke2 Rca3 33. Rxa3
bxa3 34. Ra1 a2 35. Nb3 Rb8 36. Nc5 Rb2+ 37. Kf3 Kf8 38. Nd3 Rb3 39. Ke2 Ne4
40. Nc1 Rb1 41. Rxa2 Rxc1  0-1

[Event "M.Chigorin Memorial 2017 "]
[Site "?????-?????????"]
[Date "2017.10.28"]
[Round "8"]
[Board "62"]
[White "Eryshkanova, Anastasiya"]
[Black "Karasev, Vladimir I"]
[Result "1/2-1/2"]
[WhiteElo "2127"]
[BlackElo "2339"]
[PlyCount "105"]
[EventDate "2017.10.21"]
[EventRounds "9"]
[EventCountry "RUS"]

1. e4 c5 2. Nf3 e6 3. d4 cxd4 4. Nxd4 Qb6 5. Be3 Bc5 6. Na3 d5 7. exd5 exd5 8.
Bb5+ Nc6 9. O-O Nge7 10. b4 Bxd4 11. Bxd4 Qc7 12. Re1 O-O 13. Bc5 Be6 14. c3
Rfd8 15. Bxc6 Nxc6 16. Nb5 Qd7 17. Nd4 Re8 18. Nxc6 Qxc6 19. Qd3 a5 20. a3 Bd7
21. Bd4 Qg6 22. Qxg6 hxg6 23. f3 g5 24. Rxe8+ Bxe8 25. Re1 f6 26. bxa5 Bc6 27.
Bb6 Kf7 28. Kf2 Bb5 29. Bc5 Rc8 30. Re7+ Kg6 31. Bd4 Ba6 32. Rd7 Re8 33. Be3
Re5 34. g4 d4 35. Rxd4 Rxa5 36. a4 Rc5 37. Bd2 Kf7 38. Rd7+ Kf8 39. Kg3 Rc4 40.
Rd4 Rc5 41. h4 gxh4+ 42. Kxh4 Ke7 43. f4 Bc4 44. Bc1 Rc7 45. Ba3+ Ke8 46. Bd6
Rc6 47. Bb4 Bb3 48. Re4+ Re6 49. Rxe6+ Bxe6 50. f5 Bb3 51. a5 Kf7 52. g5 g6 53.
fxg6+  1/2-1/2

[Event "M.Chigorin Memorial 2017 "]
[Site "?????-?????????"]
[Date "2017.10.28"]
[Round "8"]
[Board "63"]
[White "Lingur, Zalina"]
[Black "Payen, Arnaud"]
[Result "0-1"]
[WhiteElo "2108"]
[BlackElo "2335"]
[PlyCount "74"]
[EventDate "2017.10.21"]
[EventRounds "9"]
[EventCountry "RUS"]

1. Nf3 d5 2. c4 e6 3. e3 Nf6 4. b3 b6 5. Bb2 Bb7 6. Nc3 g6 7. d4 Bg7 8. Bd3 O-O
9. O-O Nbd7 10. Qe2 dxc4 11. bxc4 c5 12. Rfd1 cxd4 13. exd4 Re8 14. Ne5 Nb8 15.
Rac1 Nc6 16. Bb1 Na5 17. Qe3 Rc8 18. Bd3 Nc6 19. Be2 Ne7 20. g4 a6 21. Qf4 Rf8
22. Rd3 b5 23. Rh3 bxc4 24. Nxc4 Ned5 25. Nxd5 Nxd5 26. Qg3 Qg5 27. Ne3 Nf4 28.
Bf1 Nxh3+ 29. Bxh3 Rxc1+ 30. Bxc1 Bxd4 31. Bf1 Bxe3 32. fxe3 h5 33. h3 hxg4 34.
hxg4 f5 35. Be2 fxg4 36. Bb2 Qf5 37. Qh2 Qb1+  0-1

[Event "M.Chigorin Memorial 2017 "]
[Site "?????-?????????"]
[Date "2017.10.28"]
[Round "8"]
[Board "64"]
[White "Bykov, Oleg"]
[Black "Volkov, Roman"]
[Result "1/2-1/2"]
[WhiteElo "2333"]
[BlackElo "2165"]
[PlyCount "101"]
[EventDate "2017.10.21"]
[EventRounds "9"]
[EventCountry "RUS"]

1. Nf3 Nf6 2. c4 g6 3. Nc3 Bg7 4. e4 d6 5. d4 Bg4 6. Be2 O-O 7. Be3 Nfd7 8. Ng1
Bxe2 9. Ngxe2 c5 10. O-O cxd4 11. Nxd4 Nc6 12. Rc1 Nxd4 13. Bxd4 Ne5 14. b3 Nc6
15. Bxg7 Kxg7 16. Qd2 a6 17. Qb2 Kg8 18. Rfd1 b6 19. b4 Qb8 20. Nd5 Qb7 21. b5
Ne5 22. f4 Ng4 23. h3 Nf6 24. Nxf6+ exf6 25. Rxd6 axb5 26. cxb5 Qxe4 27. Rf1
Rfc8 28. Rf2 Qe3 29. Kh2 Ra5 30. Rc6 Rxc6 31. bxc6 Rc5 32. Rf3 Qe6 33. Qxb6
Rxc6 34. Qb2 Qe4 35. Rf2 Kg7 36. a3 Rc4 37. Qd2 Qe7 38. Rf3 Qc5 39. Qf2 Qd6 40.
Qe3 Qd5 41. Qb3 Qc6 42. Rf2 Qc7 43. Qg3 Qc5 44. Rf3 Rc2 45. Qe1 Ra2 46. Qc3 Qb5
47. f5 Qe2 48. Rg3 Qf1 49. fxg6 hxg6 50. Qf3 Qc1 51. Qc3  1/2-1/2

[Event "M.Chigorin Memorial 2017 "]
[Site "?????-?????????"]
[Date "2017.10.28"]
[Round "8"]
[Board "65"]
[White "Tarasov, Ilya"]
[Black "Davtyan, Artur"]
[Result "0-1"]
[WhiteElo "2102"]
[BlackElo "2318"]
[PlyCount "106"]
[EventDate "2017.10.21"]
[EventRounds "9"]
[EventCountry "RUS"]

1. d4 d5 2. c4 e6 3. Nc3 Be7 4. Nf3 Nf6 5. Bf4 O-O 6. e3 Nbd7 7. cxd5 Nxd5 8.
Bg3 c5 9. Bd3 cxd4 10. exd4 N7f6 11. O-O b6 12. Rc1 Bb7 13. Qe2 Nh5 14. Ba6
Nhf4 15. Qc4 Bxa6 16. Qxa6 Nxc3 17. bxc3 Qc8 18. Qb5 a6 19. Qxb6 Rb8 20. Qa5
Ne2+ 21. Kh1 Rb5 22. Qa4 Nxc1 23. Rxc1 Qb7 24. Qc2 Rb2 25. Qd1 Ba3 26. h4 Rb6
27. Ra1 Bb2 28. Rb1 Bxc3 29. Rc1 Bb2 30. Rc7 Qe4 31. Kh2 h6 32. Qa4 Rb7 33. Rc6
Qe2 34. Rxa6 Bc1 35. Ra8 Qe4 36. Rxf8+ Kxf8 37. Qa8+ Ke7 38. Qc8 Bf4 39. Qc5+
Kf6 40. h5 Qf5 41. Qxf5+ Kxf5 42. a4 Ra7 43. Ne5 Bxe5 44. dxe5 Kg5 45. Kh3 Rxa4
46. f3 Kxh5 47. Bf2 f6 48. g4+ Kg6 49. Bg3 f5 50. f4 fxg4+ 51. Kxg4 h5+ 52. Kh4
Ra3 53. Bh2 Kf5  0-1

[Event "M.Chigorin Memorial 2017 "]
[Site "?????-?????????"]
[Date "2017.10.28"]
[Round "8"]
[Board "66"]
[White "Tsaruk, Maksim"]
[Black "Timerkhanov, Alexander"]
[Result "0-1"]
[WhiteElo "2090"]
[BlackElo "2312"]
[PlyCount "71"]
[EventDate "2017.10.21"]
[EventRounds "9"]
[EventCountry "RUS"]

1. e4 c5 2. Nf3 b6 3. d4 cxd4 4. Nxd4 Bb7 5. Nc3 a6 6. Be3 e6 7. Bd3 Qc7 8. O-O
Nf6 9. h3 Bb4 10. Nde2 Bc5 11. Qd2 O-O 12. Ng3 Nc6 13. Bxc5 bxc5 14. Qg5 Qe5
15. Qxe5 Nxe5 16. f4 Nxd3 17. cxd3 d5 18. Rac1 Rac8 19. Na4 Nd7 20. Rc2 c4 21.
dxc4 dxe4 22. Rd1 Bc6 23. Nc3 f5 24. Rcd2 Nc5 25. Nge2 Nd3 26. g3 e5 27. Nc1
Nxf4 28. gxf4 exf4 29. Rd6 e3 30. N1e2 f3 31. Nd4 f2+ 32. Kf1 Bh1 33. c5 f4 34.
Rd3 Rxc5 35. Ne6 Re5 36. Nd5  0-1

[Event "M.Chigorin Memorial 2017 "]
[Site "?????-?????????"]
[Date "2017.10.28"]
[Round "8"]
[Board "67"]
[White "Donskov, Anatoly"]
[Black "Shirshov, Nikolay"]
[Result "1-0"]
[WhiteElo "2308"]
[BlackElo "2134"]
[PlyCount "76"]
[EventDate "2017.10.21"]
[EventRounds "9"]
[EventCountry "RUS"]

1. e4 c5 2. Nf3 Nc6 3. Nc3 e6 4. d4 cxd4 5. Nxd4 a6 6. Be2 d6 7. O-O Nf6 8. Be3
Be7 9. f4 O-O 10. a4 Qc7 11. Bf3 Re8 12. Kh1 Rb8 13. Qe1 Nxd4 14. Bxd4 Nd7 15.
Qg3 Bf6 16. Bxf6 Nxf6 17. Rad1 b5 18. axb5 axb5 19. e5 dxe5 20. fxe5 Nd7 21.
Rd6 Bb7 22. Be2 Bc6 23. Bd3 Nf8 24. Ne2 b4 25. Nd4 Bd5 26. h4 Qc5 27. Qf4 Rb7
28. h5 f5 29. Nxf5 Bxg2+ 30. Kxg2 exf5 31. Qxf5 Rbb8 32. Qf7+ Kh8 33. Bc4 Ng6
34. hxg6 Qxe5 35. Qf4 Qxb2 36. Bb3 Qc3 37. Rf2 h6 38. Qd4 Qc8  1-0

[Event "M.Chigorin Memorial 2017 "]
[Site "?????-?????????"]
[Date "2017.10.28"]
[Round "8"]
[Board "68"]
[White "Leidorf, Sebastian"]
[Black "Remizov, Yaroslav"]
[Result "0-1"]
[WhiteElo "2083"]
[BlackElo "2306"]
[PlyCount "98"]
[EventDate "2017.10.21"]
[EventRounds "9"]
[EventCountry "RUS"]

1. c4 c6 2. g3 d5 3. Nf3 Nf6 4. Bg2 Bg4 5. cxd5 cxd5 6. Ne5 Bf5 7. Nc3 e6 8. g4
Bg6 9. h4 Bd6 10. Qa4+ Nbd7 11. Nxd7 Qxd7 12. Qxd7+ Kxd7 13. h5 Bc2 14. g5 Ne4
15. d3 Nxc3 16. bxc3 Rac8 17. Bb2 Bf4 18. h6 Rhg8 19. c4 gxh6 20. cxd5 Rxg5 21.
dxe6+ fxe6 22. Be4 Rb5 23. Bd4 h5 24. a4 Rb1+ 25. Rxb1 Bxb1 26. O-O Bc2 27.
Bxb7 Rg8+ 28. Kh1 a5 29. Bf3 h4 30. Bb6 Rg5 31. e3 Bd6 32. d4 h3 33. Rc1 Bxa4
34. Ra1 Rb5 35. Bc5 Bc7 36. Bg4 h2 37. f4 Bc2 38. Ra2 Bb1 39. Ra1 Rb2 40. Bf3
Bg6 41. d5 e5 42. d6 Bxd6 43. Rd1 Rb1 44. Bxd6 Rxd1+ 45. Bxd1 Kxd6 46. fxe5+
Kxe5 47. Ba4 Ke4 48. Kxh2 Kxe3 49. Kg3 Kd4  0-1

[Event "M.Chigorin Memorial 2017 "]
[Site "?????-?????????"]
[Date "2017.10.28"]
[Round "8"]
[Board "69"]
[White "Konaplev, Anton"]
[Black "Mochalin, Faddey"]
[Result "1/2-1/2"]
[WhiteElo "2298"]
[BlackElo "2096"]
[PlyCount "113"]
[EventDate "2017.10.21"]
[EventRounds "9"]
[EventCountry "RUS"]

1. d4 Nf6 2. c4 g6 3. Nc3 Bg7 4. e4 d6 5. Be2 O-O 6. Be3 e5 7. d5 Ne8 8. g4 f5
9. exf5 gxf5 10. gxf5 Bxf5 11. Nf3 Nd7 12. Bg5 Bf6 13. Rg1 Kh8 14. Qd2 Nc5 15.
O-O-O Ne4 16. Nxe4 Bxe4 17. Bh6 Bg7 18. Bxg7+ Nxg7 19. Ng5 Bf5 20. Rg3 Qe8 21.
Bd3 Nh5 22. Re3 Qe7 23. h4 Nf4 24. Bxf5 Rxf5 25. Rh1 Raf8 26. Ne4 Nh5 27. Qe2
h6 28. Rb3 b6 29. Ra3 a5 30. Re3 Nf6 31. Nd2 Rg8 32. Rg3 Rxg3 33. fxg3 Qg7 34.
Rg1 h5 35. Qe3 Qg6 36. Re1 Kg7 37. a3 Qg4 38. Kb1 Qg6 39. Ka2 Ng4 40. Qc3 Nf6
41. Nf3 Nh7 42. Nd2 Nf6 43. Nf3 Nh7 44. Nd2 Nf6 45. Qe3 Ng4 46. Qb3 Nf6 47. Nf3
Nh7 48. Nd2 Nf6 49. Nf3 Nh7 50. Qc3 Kf8 51. Rg1 Qg4 52. Nd2 Nf6 53. Qe3 Qg6 54.
Nf3 Nh7 55. Nd2 Nf6 56. Nf3 Nh7 57. Nd2  1/2-1/2